[Event "World Youth & Cadets Rapid Championships"]
[Site "Rhodes, Greece"]
[Date "2022.05.02"]
[Round "6.43"]
[White "Rzadkowska, Kaja"]
[Black "Olariu-Chilut, Sofia"]
[Result "1-0"]
[TimeControl "10'/game & 5\"/move"]
[WhiteElo "1244"]
[BlackElo "1131"]

1. d4 {[%clk 00:10:07]} {[%emt 00:00:02]} Nf6 {[%clk 00:10:09]} {[%emt
00:00:02]} 2. Nf3 {[%clk 00:10:07]} {[%emt 00:00:05]} g6 {[%clk 00:10:12]}
{[%emt 00:00:01]} 3. g3 {[%clk 00:10:09]} {[%emt 00:00:04]} Bg7 {[%clk
00:10:16]} 4. Bg2 {[%clk 00:10:11]} {[%emt 00:00:03]} O-O {[%clk 00:10:19]}
{[%emt 00:00:02]} 5. b3 {[%clk 00:10:14]} {[%emt 00:00:02]} d6 {[%clk
00:10:15]} {[%emt 00:00:10]} 6. Bb2 {[%clk 00:10:13]} {[%emt 00:00:05]} Nbd7
{[%clk 00:10:18]} {[%emt 00:00:02]} 7. O-O {[%clk 00:10:11]} {[%emt 00:00:07]}
c6 {[%clk 00:10:17]} {[%emt 00:00:06]} 8. Qd2 {[%clk 00:10:11]} {[%emt
00:00:04]} b6 {[%clk 00:10:11]} {[%emt 00:00:12]} 9. c4 {[%clk 00:10:12]}
{[%emt 00:00:04]} Bb7 {[%clk 00:10:10]} {[%emt 00:00:05]} 10. Nc3 {[%clk
00:09:44]} {[%emt 00:00:33]} c5 {[%clk 00:09:50]} {[%emt 00:00:26]} 11. d5
{[%clk 00:09:24]} {[%emt 00:00:25]} Re8 {[%clk 00:09:10]} {[%emt 00:00:45]} 12.
Rfe1 {[%clk 00:09:06]} {[%emt 00:00:23]} e5 {[%clk 00:09:03]} {[%emt 00:00:11]}
13. dxe6 {[%clk 00:08:10]} {[%emt 00:01:02]} Rxe6 {[%clk 00:06:30]} {[%emt
00:02:38]} 14. Ng5 {[%clk 00:07:57]} {[%emt 00:00:18]} Re8 {[%clk 00:04:54]}
{[%emt 00:01:41]} 15. Bxb7 {[%clk 00:07:53]} {[%emt 00:00:09]} Rb8 {[%clk
00:04:53]} {[%emt 00:00:07]} 16. Bg2 {[%clk 00:07:12]} {[%emt 00:00:44]} h6
{[%clk 00:03:00]} {[%emt 00:01:58]} 17. Nge4 {[%clk 00:06:25]} {[%emt
00:00:53]} Nxe4 {[%clk 00:02:50]} {[%emt 00:00:15]} 18. Nxe4 {[%clk 00:05:59]}
{[%emt 00:00:30]} Bxb2 {[%clk 00:01:52]} {[%emt 00:01:04]} 19. Qxb2 {[%clk
00:05:56]} {[%emt 00:00:07]} Ne5 {[%clk 00:01:49]} {[%emt 00:00:08]} 20. Qd2
{[%clk 00:05:39]} {[%emt 00:00:22]} h5 {[%clk 00:01:06]} {[%emt 00:00:49]} 21.
Qxd6 {[%clk 00:05:31]} {[%emt 00:00:13]} Qxd6 {[%clk 00:01:04]} {[%emt
00:00:08]} 22. Nxd6 {[%clk 00:05:31]} {[%emt 00:00:04]} Re6 {[%clk 00:01:06]}
{[%emt 00:00:02]} 23. Ne4 {[%clk 00:05:21]} {[%emt 00:00:15]} Rbe8 {[%clk
00:00:45]} {[%emt 00:00:27]} 24. Rad1 {[%clk 00:04:29]} {[%emt 00:00:56]} a5
{[%clk 00:00:15]} {[%emt 00:00:36]} 25. Bh3 {[%clk 00:03:57]} {[%emt 00:00:37]}
1-0

[Event "World Youth & Cadets Rapid Championships"]
[Site "Rhodes, Greece"]
[Date "2022.05.02"]
[Round "6.46"]
[White "Sivanandan, Bodhana"]
[Black "Kiryttopoulou, Eleonora Kaisa"]
[Result "1-0"]
[TimeControl "10'/game & 5\"/move"]
[WhiteElo "1251"]
[BlackElo "1072"]

1. e4 {[%clk 00:10:08]} {[%emt 00:00:02]} c6 {[%clk 00:10:08]} {[%emt
00:00:03]} 2. Nc3 {[%clk 00:10:11]} {[%emt 00:00:02]} d5 {[%clk 00:10:07]}
{[%emt 00:00:07]} 3. Nf3 {[%clk 00:10:13]} {[%emt 00:00:02]} dxe4 {[%clk
00:10:07]} {[%emt 00:00:05]} 4. Nxe4 {[%clk 00:10:15]} {[%emt 00:00:04]} Nf6
{[%clk 00:10:07]} {[%emt 00:00:05]} 5. Qe2 {[%clk 00:10:17]} {[%emt 00:00:02]}
Bf5 {[%clk 00:09:44]} {[%emt 00:00:28]} 6. Nxf6+ {[%clk 00:10:09]} {[%emt
00:00:13]} gxf6 {[%clk 00:09:41]} {[%emt 00:00:08]} 7. d3 {[%clk 00:10:06]}
{[%emt 00:00:09]} e6 {[%clk 00:09:37]} {[%emt 00:00:09]} 8. Nh4 {[%clk
00:10:04]} {[%emt 00:00:06]} Bg6 {[%clk 00:09:03]} {[%emt 00:00:39]} 9. Nxg6
{[%clk 00:10:02]} {[%emt 00:00:07]} hxg6 {[%clk 00:09:04]} {[%emt 00:00:05]} 10.
h3 {[%clk 00:09:52]} {[%emt 00:00:15]} Nd7 {[%clk 00:08:45]} {[%emt 00:00:24]}
11. b3 {[%clk 00:09:48]} {[%emt 00:00:09]} Bb4+ {[%clk 00:08:39]} {[%emt
00:00:10]} 12. Bd2 {[%clk 00:09:50]} {[%emt 00:00:03]} Bxd2+ {[%clk 00:08:26]}
{[%emt 00:00:19]} 13. Qxd2 {[%clk 00:09:52]} {[%emt 00:00:03]} Qc7 {[%clk
00:08:02]} {[%emt 00:00:29]} 14. Be2 {[%clk 00:09:51]} {[%emt 00:00:05]} Ne5
{[%clk 00:07:18]} {[%emt 00:00:50]} 15. Qe3 {[%clk 00:09:29]} {[%emt 00:00:26]}
Qa5+ {[%clk 00:06:51]} {[%emt 00:00:33]} 16. Qd2 {[%clk 00:09:31]} {[%emt
00:00:02]} Qxd2+ {[%clk 00:06:26]} {[%emt 00:00:30]} 17. Kxd2 {[%clk 00:09:34]}
{[%emt 00:00:03]} c5 {[%clk 00:06:14]} {[%emt 00:00:17]} 18. f4 {[%clk
00:09:36]} {[%emt 00:00:03]} Nd7 {[%clk 00:06:01]} {[%emt 00:00:19]} 19. Bf3
{[%clk 00:09:38]} {[%emt 00:00:02]} Rb8 {[%clk 00:05:23]} {[%emt 00:00:43]} 20.
Rhe1 {[%clk 00:09:34]} {[%emt 00:00:09]} b6 {[%clk 00:04:43]} {[%emt 00:00:45]}
21. Re3 {[%clk 00:09:06]} {[%emt 00:00:27]} Rd8 {[%clk 00:03:19]} {[%emt
00:01:35]} 22. Rae1 {[%clk 00:08:53]} {[%emt 00:00:18]} Nb8 {[%clk 00:03:19]}
{[%emt 00:00:05]} 23. Be4 {[%clk 00:08:32]} {[%emt 00:00:25]} Rh4 {[%clk
00:02:42]} {[%emt 00:00:42]} 24. f5 {[%clk 00:08:13]} {[%emt 00:00:25]} gxf5
{[%clk 00:01:54]} {[%emt 00:00:53]} 25. Bxf5 {[%clk 00:08:13]} {[%emt
00:00:05]} Kf8 {[%clk 00:01:42]} {[%emt 00:00:16]} 26. Be4 {[%clk 00:08:05]}
{[%emt 00:00:14]} b5 {[%clk 00:01:34]} {[%emt 00:00:13]} 27. Bf3 {[%clk
00:07:51]} {[%emt 00:00:19]} c4 {[%clk 00:01:24]} {[%emt 00:00:15]} 28. Re4
{[%clk 00:07:50]} {[%emt 00:00:06]} Rxe4 {[%clk 00:01:20]} {[%emt 00:00:09]} 29.
Rxe4 {[%clk 00:07:52]} {[%emt 00:00:04]} cxd3 {[%clk 00:01:19]} {[%emt
00:00:05]} 30. cxd3 {[%clk 00:07:54]} {[%emt 00:00:03]} f5 {[%clk 00:01:20]}
{[%emt 00:00:04]} 31. Rb4 {[%clk 00:07:56]} {[%emt 00:00:03]} a6 {[%clk
00:01:20]} {[%emt 00:00:04]} 32. a4 {[%clk 00:07:55]} {[%emt 00:00:06]} bxa4
{[%clk 00:01:21]} {[%emt 00:00:05]} 33. bxa4 {[%clk 00:07:57]} {[%emt
00:00:03]} Nd7 {[%clk 00:01:20]} {[%emt 00:00:06]} 34. d4 {[%clk 00:07:40]}
{[%emt 00:00:22]} Nf6 {[%emt 00:00:21]} 35. Kd3 {[%clk 00:07:33]} {[%emt
00:00:10]} Nd5 {[%clk 00:01:04]} {[%emt 00:00:07]} 36. Bxd5 {[%clk 00:07:26]}
{[%emt 00:00:11]} Rxd5 {[%clk 00:01:07]} {[%emt 00:00:03]} 37. Kc4 {[%clk
00:07:19]} {[%emt 00:00:12]} Rd7 {[%clk 00:01:01]} {[%emt 00:00:11]} 38. Rb6
{[%clk 00:07:18]} {[%emt 00:00:06]} Ra7 {[%clk 00:01:00]} {[%emt 00:00:06]} 39.
a5 {[%clk 00:07:21]} {[%emt 00:00:02]} Ke7 {[%clk 00:01:01]} {[%emt 00:00:05]}
40. d5 {[%clk 00:07:18]} {[%emt 00:00:07]} Rc7+ {[%clk 00:01:02]} {[%emt
00:00:04]} 41. Kd4 {[%clk 00:07:21]} {[%emt 00:00:02]} Ra7 {[%clk 00:00:56]}
{[%emt 00:00:10]} 42. dxe6 {[%clk 00:07:18]} {[%emt 00:00:09]} fxe6 {[%clk
00:00:57]} {[%emt 00:00:03]} 43. Ke5 {[%clk 00:07:22]} {[%emt 00:00:01]} Ra8
{[%emt 00:00:22]} 44. Rxe6+ {[%clk 00:07:21]} {[%emt 00:00:04]} Kd7 {[%clk
00:00:42]} {[%emt 00:00:05]} 45. Kxf5 {[%clk 00:07:14]} {[%emt 00:00:12]} Ra7
{[%clk 00:00:38]} {[%emt 00:00:09]} 46. Rh6 {[%clk 00:07:16]} {[%emt 00:00:03]}
Ke7 {[%clk 00:00:25]} {[%emt 00:00:17]} 47. Rh7+ {[%clk 00:07:19]} {[%emt
00:00:03]} Kf8 {[%clk 00:00:25]} {[%emt 00:00:04]} 48. Rxa7 {[%clk 00:07:21]}
{[%emt 00:00:03]} Ke8 {[%clk 00:00:27]} {[%emt 00:00:03]} 49. h4 {[%clk
00:07:21]} {[%emt 00:00:05]} Kf8 {[%clk 00:00:28]} {[%emt 00:00:04]} 50. Kf6
{[%clk 00:07:24]} {[%emt 00:00:02]} Kg8 {[%clk 00:00:30]} {[%emt 00:00:03]} 51.
Kg6 {[%clk 00:07:28]} {[%emt 00:00:02]} Kf8 {[%clk 00:00:33]} {[%emt 00:00:02]}
52. h5 {[%clk 00:07:32]} Ke8 {[%clk 00:00:31]} {[%emt 00:01:14]} 53. h6 {[%clk
00:09:34]} {[%emt 00:00:02]} Kd8 {[%clk 00:00:24]} {[%emt 00:00:11]} 54. h7
{[%clk 00:09:36]} {[%emt 00:00:03]} Kc8 {[%clk 00:00:18]} {[%emt 00:00:11]} 55.
h8=R# {[%clk 00:09:31]} {[%emt 00:00:04]} 1-0

[Event "World Youth & Cadets Rapid Championships"]
[Site "Rhodes, Greece"]
[Date "2022.05.02"]
[Round "7.1"]
[White "Goroshkov, Maksym"]
[Black "Kushko, Dmitriy"]
[Result "1/2-1/2"]
[TimeControl "10'/game & 5\"/move"]
[WhiteElo "2115"]
[BlackElo "2311"]

1. e4 {[%clk 00:10:09]} {[%emt 00:00:01]} d6 {[%clk 00:10:08]} {[%emt
00:00:02]} 2. d4 {[%clk 00:10:07]} {[%emt 00:00:07]} Nf6 {[%clk 00:10:10]}
{[%emt 00:00:02]} 3. Bd3 {[%clk 00:10:09]} {[%emt 00:00:02]} g6 {[%clk
00:10:10]} {[%emt 00:00:06]} 4. c3 {[%clk 00:10:12]} {[%emt 00:00:02]} Bg7
{[%clk 00:10:12]} {[%emt 00:00:03]} 5. Ne2 {[%clk 00:10:14]} {[%emt 00:00:02]}
O-O {[%clk 00:10:13]} {[%emt 00:00:05]} 6. O-O {[%clk 00:10:17]} {[%emt
00:00:02]} e5 {[%clk 00:10:00]} {[%emt 00:00:18]} 7. f4 {[%clk 00:09:35]}
{[%emt 00:00:48]} Qe8 {[%clk 00:06:19]} {[%emt 00:03:45]} 8. Nd2 {[%clk
00:07:56]} {[%emt 00:01:44]} Nc6 {[%clk 00:06:20]} {[%emt 00:00:04]} 9. fxe5
{[%clk 00:07:35]} {[%emt 00:00:26]} dxe5 {[%clk 00:06:15]} {[%emt 00:00:10]} 10.
d5 {[%clk 00:07:38]} {[%emt 00:00:02]} Nb8 {[%clk 00:06:12]} {[%emt 00:00:08]}
11. Nc4 {[%clk 00:07:28]} {[%emt 00:00:15]} Nbd7 {[%clk 00:06:10]} {[%emt
00:00:07]} 12. Bc2 {[%clk 00:06:33]} {[%emt 00:01:01]} Nc5 {[%clk 00:04:04]}
{[%emt 00:02:10]} 13. Ng3 {[%clk 00:06:33]} {[%emt 00:00:05]} Qe7 {[%clk
00:04:02]} {[%emt 00:00:08]} 14. b4 {[%clk 00:06:27]} {[%emt 00:00:10]} Na6
{[%clk 00:02:57]} {[%emt 00:01:10]} 15. h3 {[%clk 00:06:00]} {[%emt 00:00:32]}
Rd8 {[%clk 00:02:50]} {[%emt 00:00:12]} 16. Qf3 {[%clk 00:05:59]} {[%emt
00:00:06]} Ne8 {[%clk 00:02:42]} {[%emt 00:00:13]} 17. a4 {[%clk 00:05:39]}
{[%emt 00:00:25]} Nd6 {[%clk 00:02:44]} {[%emt 00:00:03]} 18. Nxd6 {[%clk
00:05:31]} {[%emt 00:00:13]} cxd6 {[%clk 00:02:40]} {[%emt 00:00:09]} 19. h4
{[%clk 00:05:25]} {[%emt 00:00:11]} Rf8 {[%clk 00:02:38]} {[%emt 00:00:08]} 20.
h5 {[%clk 00:05:24]} {[%emt 00:00:06]} Qh4 {[%clk 00:02:31]} {[%emt 00:00:12]}
21. h6 {[%clk 00:04:25]} {[%emt 00:01:04]} Bxh6 {[%clk 00:02:23]} {[%emt
00:00:12]} 22. Bxh6 {[%clk 00:04:29]} {[%emt 00:00:02]} Qxh6 {[%clk 00:02:26]}
{[%emt 00:00:01]} 23. Qf6 {[%clk 00:04:33]} Qe3+ {[%clk 00:02:22]} {[%emt
00:00:10]} 24. Kh2 {[%clk 00:04:38]} Qh6+ {[%clk 00:01:44]} {[%emt 00:00:42]}
25. Kg1 {[%clk 00:04:42]} Qe3+ {[%clk 00:01:43]} {[%emt 00:00:06]} 26. Kh2
{[%clk 00:04:46]} Bg4 {[%clk 00:01:19]} {[%emt 00:00:29]} 27. Bd1 {[%clk
00:04:11]} {[%emt 00:00:41]} Qh6+ {[%clk 00:01:19]} {[%emt 00:00:05]} 28. Kg1
{[%clk 00:04:15]} Qe3+ {[%clk 00:01:22]} {[%emt 00:00:01]} 29. Kh2 {[%clk
00:04:19]} Qh6+ {[%clk 00:00:39]} {[%emt 00:00:49]} 30. Kg1 {[%clk 00:04:24]}
Qe3+ {[%clk 00:00:43]} {[%emt 00:00:02]} 31. Kh2 {[%clk 00:04:28]} {[%emt
00:00:01]} Qh6+ {[%clk 00:00:41]} 1/2-1/2

[Event "World Youth & Cadets Rapid Championships"]
[Site "Rhodes, Greece"]
[Date "2022.05.02"]
[Round "7.2"]
[White "Nogerbek, Kazybek"]
[Black "Fromm, Marius"]
[Result "1-0"]
[TimeControl "10'/game & 5\"/move"]
[WhiteElo "2308"]
[BlackElo "2299"]

1. e4 {[%clk 00:10:08]} {[%emt 00:00:01]} c5 {[%clk 00:10:09]} {[%emt
00:00:01]} 2. Nc3 {[%clk 00:10:12]} {[%emt 00:00:02]} d6 {[%clk 00:10:10]}
{[%emt 00:00:04]} 3. Nge2 {[%clk 00:10:16]} {[%emt 00:00:02]} Nf6 {[%clk
00:10:09]} {[%emt 00:00:06]} 4. g3 {[%clk 00:10:19]} {[%emt 00:00:01]} g6
{[%clk 00:10:07]} {[%emt 00:00:06]} 5. Bg2 {[%clk 00:10:23]} {[%emt 00:00:01]}
Bg7 {[%clk 00:10:09]} {[%emt 00:00:04]} 6. O-O {[%clk 00:10:26]} {[%emt
00:00:02]} Nc6 {[%clk 00:10:12]} {[%emt 00:00:02]} 7. d3 {[%clk 00:10:29]}
{[%emt 00:00:01]} O-O {[%clk 00:10:07]} {[%emt 00:00:11]} 8. h3 {[%clk
00:10:33]} Rb8 {[%clk 00:10:07]} {[%emt 00:00:05]} 9. a4 {[%clk 00:10:37]}
{[%emt 00:00:01]} a6 {[%clk 00:09:59]} {[%emt 00:00:14]} 10. Be3 {[%clk
00:10:39]} b5 {[%clk 00:09:23]} {[%emt 00:00:42]} 11. axb5 {[%clk 00:10:43]}
{[%emt 00:00:01]} axb5 {[%clk 00:09:27]} {[%emt 00:00:01]} 12. Qd2 {[%clk
00:10:47]} b4 {[%clk 00:08:45]} {[%emt 00:00:48]} 13. Nd1 {[%clk 00:10:51]}
{[%emt 00:00:01]} Qb6 {[%clk 00:08:36]} {[%emt 00:00:14]} 14. Bh6 {[%clk
00:10:11]} {[%emt 00:00:44]} Nd4 {[%clk 00:08:30]} {[%emt 00:00:11]} 15. Bxg7
{[%clk 00:09:59]} {[%emt 00:00:17]} Nxe2+ {[%clk 00:08:24]} {[%emt 00:00:12]}
16. Qxe2 {[%clk 00:10:03]} {[%emt 00:00:01]} Kxg7 {[%clk 00:08:28]} 17. e5
{[%clk 00:09:10]} {[%emt 00:00:58]} dxe5 {[%clk 00:08:14]} {[%emt 00:00:18]} 18.
Qxe5 {[%clk 00:09:12]} {[%emt 00:00:03]} Be6 {[%clk 00:08:03]} {[%emt
00:00:17]} 19. Ne3 {[%clk 00:08:29]} {[%emt 00:00:48]} Qd6 {[%clk 00:07:22]}
{[%emt 00:00:46]} 20. Qxd6 {[%clk 00:08:11]} {[%emt 00:00:23]} exd6 {[%clk
00:07:26]} {[%emt 00:00:01]} 21. Ra6 {[%clk 00:08:15]} d5 {[%clk 00:07:11]}
{[%emt 00:00:20]} 22. b3 {[%clk 00:06:51]} {[%emt 00:01:29]} Ra8 {[%clk
00:06:53]} {[%emt 00:00:23]} 23. Rfa1 {[%clk 00:06:47]} {[%emt 00:00:08]} Rxa6
{[%clk 00:06:57]} {[%emt 00:00:01]} 24. Rxa6 {[%emt 00:00:02]} Rc8 {[%clk
00:07:01]} 25. Ra7 {[%clk 00:05:30]} {[%emt 00:01:27]} h5 {[%clk 00:07:00]}
{[%emt 00:00:05]} 26. h4 {[%clk 00:05:23]} {[%emt 00:00:13]} Kf8 {[%clk
00:06:09]} {[%emt 00:00:56]} 27. Bf3 {[%clk 00:04:46]} {[%emt 00:00:41]} Ke8
{[%clk 00:05:59]} {[%emt 00:00:16]} 28. Kf1 {[%clk 00:04:48]} {[%emt 00:00:03]}
Kd8 {[%clk 00:05:41]} {[%emt 00:00:24]} 29. Ke1 {[%clk 00:04:39]} {[%emt
00:00:13]} Rc7 {[%clk 00:05:45]} {[%emt 00:00:01]} 30. Ra6 {[%clk 00:04:40]}
{[%emt 00:00:04]} Kd7 {[%clk 00:05:40]} {[%emt 00:00:11]} 31. Kd2 {[%clk
00:04:41]} {[%emt 00:00:03]} Rc6 {[%clk 00:05:37]} {[%emt 00:00:08]} 32. Ra8
{[%clk 00:04:32]} {[%emt 00:00:14]} Rc8 {[%clk 00:05:23]} {[%emt 00:00:19]} 33.
Ra5 {[%clk 00:04:27]} {[%emt 00:00:10]} Kd6 {[%clk 00:05:23]} {[%emt 00:00:04]}
34. Ra6+ {[%clk 00:04:19]} {[%emt 00:00:14]} Rc6 {[%clk 00:05:27]} {[%emt
00:00:01]} 35. Nc4+ {[%clk 00:04:00]} {[%emt 00:00:24]} Kc7 {[%clk 00:05:29]}
{[%emt 00:00:02]} 36. Ra7+ {[%clk 00:03:56]} {[%emt 00:00:10]} Kd8 {[%clk
00:05:00]} {[%emt 00:00:31]} 37. Ne5 {[%clk 00:03:55]} {[%emt 00:00:09]} Rc7
{[%clk 00:05:01]} {[%emt 00:00:03]} 38. Ra6 {[%clk 00:03:42]} {[%emt 00:00:18]}
Ke7 {[%clk 00:05:00]} {[%emt 00:00:07]} 39. d4 {[%clk 00:03:39]} {[%emt
00:00:09]} cxd4 {[%clk 00:01:27]} {[%emt 00:03:37]} 40. Nc6+ {[%clk 00:03:42]}
{[%emt 00:00:01]} Kd7 {[%clk 00:01:25]} {[%emt 00:00:08]} 41. Nxd4 {[%clk
00:03:45]} {[%emt 00:00:02]} Rb7 {[%clk 00:00:55]} {[%emt 00:00:34]} 42. Ke3
{[%clk 00:03:27]} {[%emt 00:00:24]} Ng4+ {[%clk 00:00:42]} {[%emt 00:00:18]} 43.
Bxg4 {[%clk 00:03:17]} {[%emt 00:00:15]} Bxg4 {[%clk 00:00:36]} {[%emt
00:00:11]} 44. f3 {[%clk 00:03:03]} {[%emt 00:00:19]} Be6 {[%clk 00:00:40]} 45.
Kf4 {[%clk 00:03:08]} Ke7 {[%clk 00:00:22]} {[%emt 00:00:23]} 46. Nxe6 {[%clk
00:02:16]} {[%emt 00:00:57]} fxe6 {[%clk 00:00:25]} {[%emt 00:00:01]} 47. Ke5
{[%clk 00:02:20]} Rc7 {[%clk 00:00:21]} {[%emt 00:00:09]} 48. Rxe6+ {[%clk
00:02:24]} {[%emt 00:00:01]} Kf7 {[%clk 00:00:24]} {[%emt 00:00:03]} 49. Rb6
{[%clk 00:02:05]} {[%emt 00:00:23]} Rxc2 {[%clk 00:00:22]} {[%emt 00:00:07]} 50.
Rxb4 {[%clk 00:02:06]} {[%emt 00:00:05]} Rc3 {[%clk 00:00:21]} {[%emt
00:00:06]} 51. Rf4+ {[%clk 00:02:07]} {[%emt 00:00:03]} Ke7 {[%clk 00:00:18]}
{[%emt 00:00:08]} 52. b4 {[%clk 00:02:03]} {[%emt 00:00:09]} Rd3 {[%clk
00:00:22]} {[%emt 00:00:02]} 53. Rf6 {[%clk 00:01:43]} {[%emt 00:00:24]} Re3+
{[%clk 00:00:12]} {[%emt 00:00:15]} 54. Kd4 {[%clk 00:01:17]} {[%emt 00:00:30]}
Rb3 {[%clk 00:00:17]} {[%emt 00:00:01]} 55. Rxg6 {[%clk 00:01:21]} {[%emt
00:00:02]} Rxb4+ {[%clk 00:00:12]} {[%emt 00:00:09]} 56. Kxd5 {[%clk 00:01:24]}
{[%emt 00:00:02]} Rb3 {[%clk 00:00:10]} {[%emt 00:00:07]} 57. Ke4 {[%clk
00:01:27]} {[%emt 00:00:02]} Rb4+ {[%clk 00:00:15]} 58. Ke3 {[%clk 00:01:30]}
{[%emt 00:00:02]} Rb3+ {[%clk 00:00:16]} {[%emt 00:00:05]} 59. Kf2 {[%clk
00:01:31]} {[%emt 00:00:02]} Rb2+ {[%clk 00:00:20]} {[%emt 00:00:03]} 60. Kg1
{[%clk 00:01:33]} {[%emt 00:00:02]} Rb8 {[%clk 00:00:13]} {[%emt 00:00:12]} 61.
Rg5 {[%clk 00:01:36]} {[%emt 00:00:02]} Rh8 {[%clk 00:00:15]} {[%emt 00:00:03]}
62. Kf2 {[%clk 00:01:40]} {[%emt 00:00:02]} Kf6 {[%clk 00:00:19]} 63. Ke3
{[%clk 00:01:43]} {[%emt 00:00:01]} Rh7 {[%clk 00:00:14]} {[%emt 00:00:10]} 64.
Kf4 {[%clk 00:01:47]} Rh8 {[%clk 00:00:18]} 65. Ra5 {[%clk 00:01:52]} Kg6
{[%clk 00:00:15]} {[%emt 00:00:09]} 66. Ra6+ {[%clk 00:01:56]} Kf7 {[%clk
00:00:18]} {[%emt 00:00:02]} 67. Kf5 {[%clk 00:02:00]} {[%emt 00:00:01]} Rg8
{[%clk 00:00:14]} {[%emt 00:00:09]} 68. Ra7+ {[%clk 00:02:04]} Ke8 {[%clk
00:00:16]} {[%emt 00:00:03]} 69. Ra8+ {[%clk 00:02:08]} 1-0